Lužickí Srbi v Nemeckej demokratickej republike

Bibliographic Details
Main Author: Bibrack, J. (Author)
Other Authors: Ferančík, J. (Translator)
Format: Article
Language:Slovak

MARC

LEADER 00000nab a2200000ua 4500
001 vtls010814761
003 SK-MaSNL
005 20260303114851.0
008 230127s1960 xo |||||||||||||||||slo|
035 |a (urnnbn)urn:nbn:sk:snk:ar-a04jig 
035 |a urn:nbn:sk:snk-ab5jix 
035 |a (uuid)e1535686-ed0d-40c6-9868-35c7acced222 
040 |a SNKBUCL  |b slo  |c SNKBUCL  |e AACR2 
041 0 |a slo 
044 |a xo  |c SK 
100 1 |a Bibrack, J.  |4 aut  |9 1129801 
245 1 0 |a Lužickí Srbi v Nemeckej demokratickej republike  |c J. Bibrack ; preložil J. Ferančík 
700 1 |a Ferančík, J.  |4 trl  |9 690738 
773 0 |t Naša veda : časopis SAV  |g Roč. 7, č. 7 (1960), s. 404-409 
954 |a odborná, vedecká literatúra cudzojazyčná (svetová)  |2 lita 
958 |a OND 
958 |a EUIPO 
958 |a article5 
999 |c 1900951  |d 1902881